Microsoft Word & Excel 2007

Spremljeno u:
Bibliografski detalji
Glavni autor: Nguyễn, Văn Huân
Format: Knjiga
Jezik:Undetermined
Izdano: Hà Nội Thống kê 2007
Teme:
Oznake: Dodaj oznaku
Bez oznaka, Budi prvi tko označuje ovaj zapis!
Thư viện lưu trữ: Trung tâm Học liệu Trường Đại học Cần Thơ
LEADER 00673nam a2200193Ia 4500
001 CTU_130914
008 210402s9999 xx 000 0 und d
020 |c 55000 
082 |a 005.52 
082 |b H502 
100 |a Nguyễn, Văn Huân 
245 0 |a Microsoft Word & Excel 2007 
245 0 |c Nguyễn Văn Huân 
260 |a Hà Nội 
260 |b Thống kê 
260 |c 2007 
650 |a Word ( Computer programs ),Office ( Computer programs ),Software application,Phần mềm ứng dụng,Word ( Chương trình máy tính ),Excel ( Computer programs ) 
904 |i Giang 
980 |a Trung tâm Học liệu Trường Đại học Cần Thơ